000 00477nam a22001457a 4500
999 _c7735
_d7733
005 20210323115750.0
008 210323b ||||| |||| 00| 0 eng d
082 _a345.408 23
100 _aMANOHAR AND CHITALEY
_96503
245 _aTHE AIR MANUAL CIVIL AND CRIMINAL [building and other construction workers act,1890 to charitable endowments acts, 1890] VOL-3.
260 _aNAGPUR
_bTHE ALL INDIA REPORTER PVT.LTD.
300 _a1226,p
650 _aLAW
_95701
942 _cJRL